UBT Library

College Oral Communication (Record no. 46716)

000 -LEADER
fixed length control field 00274nam a22001217a 4500
008 - FIXED-LENGTH DATA ELEMENTS--GENERAL INFORMATION
fixed length control field 180802b xxu||||| |||| 00| 0 eng d
082 ## - DEWEY DECIMAL CLASSIFICATION NUMBER
Classification number 813.52
245 ## - TITLE STATEMENT
Title College Oral Communication
Statement of responsibility, etc Chan,M.J
260 ## - PUBLICATION, DISTRIBUTION, ETC. (IMPRINT)
Date of publication, distribution, etc 2006
300 ## - PHYSICAL DESCRIPTION
Extent 4
440 ## - SERIES STATEMENT/ADDED ENTRY--TITLE
International Standard Serial Number 0618230378
942 ## - ADDED ENTRY ELEMENTS (KOHA)
Source of classification or shelving scheme
Item type Mixed Materials
Holdings
Withdrawn status Lost status Source of classification or shelving scheme Damaged status Not for loan Collection code Permanent location Current location Shelving location Date acquired Total Checkouts Full call number Barcode Date last seen Price effective from Koha item type
          Koleksioni i përgjithshem UBT - Lipjan UBT - Lipjan Koleksioni i përgjithshem 08/02/2018   813.52 CHAN 002-30029791 08/07/2018 08/02/2018 Mixed Materials
UBT Library © 2015-2024. All rights reserved University Education for Business and Technology